| 000 | 00656cam a22002414a 4500 | ||
|---|---|---|---|
| 003 | UPN | ||
| 005 | 20240803063753.0 | ||
| 008 | 090206s2003 es r 000 f spa d | ||
| 020 | _a8426133495 | ||
| 035 | _aUPN01000168961 | ||
| 040 |
_aUPN _bspa _cUPN |
||
| 049 | _aCG | ||
| 050 | 4 |
_aPC3942.16 O5.4 _bS5.3 |
|
| 100 |
_aFontdecaba i Fuster, Josep, _d1928- _943324 |
||
| 245 | 1 | 0 |
_aSiete eslabones / _cJosep Fontdecaba i Fuster. |
| 260 |
_aBarcelona, Esp. : _bJuventud, _c2003. |
||
| 300 | _a206 p. | ||
| 490 | 0 | _aNarrativa marítima | |
| 650 | 4 |
_aNovela española _910814 |
|
| 650 | 0 |
_aBarcos _vNovela _93047 |
|
| 905 | _aLibro | ||
| 942 |
_2lcc _cLIBRO |
||
| 999 |
_c141067 _d141067 |
||